000 00656nam a2200241Ia 4500
003 OSt
005 20230426100327.0
008 210423s2007 xx 000 0 und d
020 _a139781412950299
040 _cAL
041 _aeng
082 _a155.072 MILS
100 _aMILLER (Scott A)
_978674
245 _aDevelopmental research methods
250 _a3
260 _aNew Delhi
_bSahitya Bhawan Publications
_c2007
300 _ax,352,G7,R27,I18
_bPB
365 _b163
_cINR
650 _aDifferential & Developmental Psychology
_978675
650 _aPsychology
_978676
906 _aDevelopmental ; methods. ; research
942 _2ddc
_cBK
999 _c156169
_d156169